000 00568nam a2200217 a 4500
008
020 _a0750666935 (pbk.)
049 _aMAIN
090 _aTH6128
_bMUS
100 1 _aMuscroft, Steve.
245 1 0 _aPlumbing :
_cSteve Muscroft.
260 _aAmsterdam. :
_bElsevier,
_c2005.
300 _aix, 479 p. :
_bill. ;
_c25 cm.
500 _aIncludes index.
650 1 _aPlumbing.
907 _a.b10272720
_b10-03-10
_c10-02-10
003
005 20230123125007.0
040 _cNUST
942 _cBOOKS
_kTH6128
_mMUS
999 _c133860
_d133860